[Event "Berlin Lichtenberger op 15th"]
[Site "Berlin"]
[Date "2016.08.15"]
[Round "3"]
[White "Andresen, Klaus"]
[Black "Schmole Rostosky, Joachim"]
[Result "1-0"]
[WhiteElo "1958"]
[BlackElo "1580"]
[PlyCount "55"]
[EventDate "2016.08.13"]
[EventType "swiss"]
[EventRounds "9"]
[EventCountry "GER"]
[SourceTitle "CBM 173 Extra"]
[Source "ChessBase"]
[SourceDate "2016.08.29"]
[SourceVersion "1"]
[SourceVersionDate "2016.08.29"]
[SourceQuality "1"]

1. d4 Nf6 2. c4 g6 3. Nc3 Bg7 4. Nf3 d6 5. e4 0-0 6. Bd3 c6 7. 0-0 Nbd7 8. h3 e5 9. d5 Nc5 10. b4 Nxd3 11. Qxd3 h6 12. Rd1 Ne8 13. Bb2 f5 14. Rd2 fxe4 15. Nxe4 Bf5 16. Re1 Bxe4 17. Qxe4 Nf6 18. Qxg6 cxd5 19. cxd5 Qe8 20. Qg3 Qb5 21. a3 Rac8 22. Nh4 Nh5 23. Qg6 Nf6 24. Nf5 Qd7 25. f4 Kh8 26. fxe5 dxe5 27. Rxe5 Ng8 28. Re7 1-0

[Event "Berlin Lichtenberger op 15th"]
[Site "Berlin"]
[Date "2016.08.14"]
[Round "2"]
[White "Lehmkuhl, Stefan"]
[Black "Andresen, Klaus"]
[Result "1-0"]
[WhiteElo "1875"]
[BlackElo "1958"]
[PlyCount "39"]
[EventDate "2016.08.13"]
[EventType "swiss"]
[EventRounds "9"]
[EventCountry "GER"]
[SourceTitle "CBM 173 Extra"]
[Source "ChessBase"]
[SourceDate "2016.08.29"]
[SourceVersion "1"]
[SourceVersionDate "2016.08.29"]
[SourceQuality "1"]

1. c4 e5 2. Nc3 Nf6 3. e3 b6 4. Nf3 Nc6 5. d4 exd4 6. exd4 d5 7. cxd5 Nxd5 8. Bb5 Nde7 9. d5 a6 10. Bxc6+ Nxc6 11. dxc6 Bd6 12. Bg5 f6 13. Be3 Be6 14. 0-0 0-0 15. Ne4 Bc4 16. Nxd6 Bxf1 17. Qd5+ Kh8 18. Nf7+ Rxf7 19. Qxf7 Be2 20. Nd4 1-0

[Event "Hamburg-chA"]
[Site "Hamburg"]
[Date "2014.06.09"]
[Round "3"]
[White "Andresen, Klaus"]
[Black "Kazemi Sresht, Rahim"]
[Result "1-0"]
[WhiteElo "1397"]
[BlackElo "1568"]
[PlyCount "90"]
[EventDate "2014.06.07"]
[EventType "swiss"]
[EventRounds "7"]
[EventCountry "GER"]
[SourceTitle "CBM 161 Extra"]
[Source "ChessBase"]
[SourceDate "2014.08.29"]
[SourceVersion "1"]
[SourceVersionDate "2014.08.29"]
[SourceQuality "1"]

1. c4 e5 2. g3 Nf6 3. Bg2 Nc6 4. Nf3 Bc5 5. Nc3 0-0 6. 0-0 a6 7. e3 d6 8. d4 exd4 9. exd4 Ba7 10. a3 Bg4 11. Be3 Qd7 12. Re1 h6 13. Qd2 Rfe8 14. Rad1 Rad8 15. b4 Ne7 16. Qc2 Nf5 17. Rd2 Nxe3 18. fxe3 c6 19. c5 Bxf3 20. Bxf3 d5 21. e4 dxe4 22. Bxe4 Nxe4 23. Rxe4 Rxe4 24. Nxe4 Bb8 25. a4 Qg4 26. Nf2 Qg5 27. Re2 h5 28. Ne4 Qg4 29. Nd6 Bxd6 30. Re4 Qd7 31. cxd6 Qxd6 32. Qc5 Qg6 33. Qe7 Qd6 34. Qxb7 Rb8 35. Qxa6 Rxb4 36. Qd3 g6 37. a5 Ra4 38. a6 c5 39. d5 Qb6 40. d6 Rxe4 41. Qxe4 c4+ 42. Kg2 c3 43. d7 Kh7 44. a7 Qd8 45. a8Q Qxd7 1-0

[Event "Hamburg-chA"]
[Site "Hamburg"]
[Date "2014.06.08"]
[Round "2"]
[White "Hauser, Christow"]
[Black "Andresen, Klaus"]
[Result "1/2-1/2"]
[WhiteElo "1494"]
[BlackElo "1397"]
[PlyCount "64"]
[EventDate "2014.06.07"]
[EventType "swiss"]
[EventRounds "7"]
[EventCountry "GER"]
[SourceTitle "CBM 161 Extra"]
[Source "ChessBase"]
[SourceDate "2014.08.29"]
[SourceVersion "1"]
[SourceVersionDate "2014.08.29"]
[SourceQuality "1"]

1. Nf3 c5 2. c4 Nf6 3. e3 g6 4. Nc3 Bg7 5. a3 Nc6 6. d3 0-0 7. Be2 d6 8. Rb1 Bf5 9. e4 Bg4 10. Ng1 Bc8 11. h3 Nd7 12. Nf3 Qb6 13. Nd5 Qd8 14. 0-0 Nde5 15. Nxe5 Bxe5 16. b4 Nd4 17. Bg5 Nxe2+ 18. Qxe2 f6 19. Bd2 Be6 20. f4 Bd4+ 21. Be3 Bxd5 22. exd5 Bxe3+ 23. Qxe3 b6 24. Rbe1 a5 25. b5 Rf7 26. Qg3 Qf8 27. Re3 Rg7 28. Qf3 Re8 29. Rfe1 g5 30. f5 Qf7 31. g4 Kf8 32. Qe4 h5 1/2-1/2